<?xml version="1.0" encoding="UTF-8"?>
<collection xmlns="http://www.loc.gov/MARC21/slim">
 <record>
  <leader>03461cam a2200709Ma 4500</leader>
  <controlfield tag="001">000226245</controlfield>
  <controlfield tag="005">20220105164803.0</controlfield>
  <controlfield tag="005">20181115142311.5</controlfield>
  <controlfield tag="006">m        d</controlfield>
  <controlfield tag="007">cr cn|||||||||</controlfield>
  <controlfield tag="008">010226s2000    maua    ob    001 0 eng d</controlfield>
  <datafield tag="STA" ind1=" " ind2=" ">
   <subfield code="a">NEZPRACOVANÝ IMPORT</subfield>
  </datafield>
  <datafield tag="010" ind1=" " ind2=" ">
   <subfield code="z">   99031132</subfield>
  </datafield>
  <datafield tag="020" ind1=" " ind2=" ">
   <subfield code="a">0585350167</subfield>
   <subfield code="q">(electronic bk.)</subfield>
  </datafield>
  <datafield tag="020" ind1=" " ind2=" ">
   <subfield code="a">9780585350165</subfield>
   <subfield code="q">(electronic bk.)</subfield>
  </datafield>
  <datafield tag="020" ind1=" " ind2=" ">
   <subfield code="a">9780875848778</subfield>
   <subfield code="q">(alk. paper)</subfield>
  </datafield>
  <datafield tag="020" ind1=" " ind2=" ">
   <subfield code="a">087584877X</subfield>
   <subfield code="q">(alk. paper)</subfield>
  </datafield>
  <datafield tag="020" ind1=" " ind2=" ">
   <subfield code="z">087584877X</subfield>
   <subfield code="q">(alk. paper)</subfield>
  </datafield>
  <datafield tag="035" ind1=" " ind2=" ">
   <subfield code="a">40314</subfield>
   <subfield code="b">(N$T)</subfield>
  </datafield>
  <datafield tag="037" ind1=" " ind2=" ">
   <subfield code="b">00011689</subfield>
  </datafield>
  <datafield tag="050" ind1=" " ind2="4">
   <subfield code="a">HC79.I55</subfield>
   <subfield code="b">E93 2000eb</subfield>
  </datafield>
  <datafield tag="072" ind1=" " ind2="7">
   <subfield code="a">BUS</subfield>
   <subfield code="x">063000</subfield>
   <subfield code="2">bisacsh</subfield>
  </datafield>
  <datafield tag="082" ind1="0" ind2="4">
   <subfield code="a">658.4/012</subfield>
   <subfield code="2">21</subfield>
  </datafield>
  <datafield tag="100" ind1="1" ind2=" ">
   <subfield code="a">Evans, Philip,</subfield>
   <subfield code="d">1950-</subfield>
  </datafield>
  <datafield tag="245" ind1="1" ind2="0">
   <subfield code="a">Blown to bits :</subfield>
   <subfield code="b">how the new economics of information transforms strategy /</subfield>
   <subfield code="c">Philip Evans, Thomas S. Wurster.</subfield>
  </datafield>
  <datafield tag="260" ind1=" " ind2=" ">
   <subfield code="a">Boston, Mass. :</subfield>
   <subfield code="b">Harvard Business School Press,</subfield>
   <subfield code="c">©2000.</subfield>
  </datafield>
  <datafield tag="300" ind1=" " ind2=" ">
   <subfield code="a">1 online resource (xv, 261 pages) :</subfield>
   <subfield code="b">illustrations</subfield>
  </datafield>
  <datafield tag="336" ind1=" " ind2=" ">
   <subfield code="a">text</subfield>
   <subfield code="b">txt</subfield>
   <subfield code="2">rdacontent</subfield>
  </datafield>
  <datafield tag="337" ind1=" " ind2=" ">
   <subfield code="a">computer</subfield>
   <subfield code="b">c</subfield>
   <subfield code="2">rdamedia</subfield>
  </datafield>
  <datafield tag="338" ind1=" " ind2=" ">
   <subfield code="a">online resource</subfield>
   <subfield code="b">cr</subfield>
   <subfield code="2">rdacarrier</subfield>
  </datafield>
  <datafield tag="504" ind1=" " ind2=" ">
   <subfield code="a">Includes bibliographical references (pages 231-248) and index.</subfield>
  </datafield>
  <datafield tag="505" ind1="0" ind2="0">
   <subfield code="t">A Cautionary Tale --</subfield>
   <subfield code="t">Information and Things --</subfield>
   <subfield code="t">Richness and Reach --</subfield>
   <subfield code="t">Deconstruction --</subfield>
   <subfield code="t">Disintermediation --</subfield>
   <subfield code="t">Competing on Reach --</subfield>
   <subfield code="t">Competing on Affiliation --</subfield>
   <subfield code="t">Competing on Richness --</subfield>
   <subfield code="t">Deconstructing Supply Chains --</subfield>
   <subfield code="t">Deconstructing the Organization --</subfield>
   <subfield code="t">Monday Morning.</subfield>
  </datafield>
  <datafield tag="520" ind1="8" ind2=" ">
   <subfield code="a">Publisher Fact Sheet</subfield>
   <subfield code="b">Explains how to rethink traditional business strategies for the information-based economy.</subfield>
  </datafield>
  <datafield tag="520" ind1="8" ind2=" ">
   <subfield code="a">Annotation</subfield>
   <subfield code="b">With an uncompromising clarity and vivid examples, &quot;Blown to Bits&quot; is targeted squarely at today's practicing business and corporate leaders. This groundbreaking book shows how to build new strategies that reflect a world where richness and reach go hand in hand and explains how to take advantage of the new forces shaping competitive advantage.</subfield>
  </datafield>
  <datafield tag="520" ind1="8" ind2=" ">
   <subfield code="a">Annotation.</subfield>
  </datafield>
  <datafield tag="588" ind1="0" ind2=" ">
   <subfield code="a">Print version record.</subfield>
  </datafield>
  <datafield tag="650" ind1=" " ind2="0">
   <subfield code="a">Information technology.</subfield>
  </datafield>
  <datafield tag="650" ind1=" " ind2="0">
   <subfield code="a">Knowledge management.</subfield>
  </datafield>
  <datafield tag="650" ind1=" " ind2="0">
   <subfield code="a">Strategic planning.</subfield>
  </datafield>
  <datafield tag="650" ind1=" " ind2="7">
   <subfield code="a">BUSINESS &amp; ECONOMICS</subfield>
   <subfield code="x">Strategic Planning.</subfield>
   <subfield code="2">bisacsh</subfield>
  </datafield>
  <datafield tag="650" ind1=" " ind2="7">
   <subfield code="a">Information technology.</subfield>
   <subfield code="2">fast</subfield>
   <subfield code="0">(OCoLC)fst00973089</subfield>
  </datafield>
  <datafield tag="650" ind1=" " ind2="7">
   <subfield code="a">Knowledge management.</subfield>
   <subfield code="2">fast</subfield>
   <subfield code="0">(OCoLC)fst00988184</subfield>
  </datafield>
  <datafield tag="650" ind1=" " ind2="7">
   <subfield code="a">Strategic planning.</subfield>
   <subfield code="2">fast</subfield>
   <subfield code="0">(OCoLC)fst01134371</subfield>
  </datafield>
  <datafield tag="655" ind1=" " ind2="7">
   <subfield code="a">elektronické knihy</subfield>
   <subfield code="7">fd186907</subfield>
   <subfield code="2">czenas</subfield>
  </datafield>
  <datafield tag="655" ind1=" " ind2="9">
   <subfield code="a">electronic books</subfield>
   <subfield code="2">eczenas</subfield>
  </datafield>
  <datafield tag="700" ind1="1" ind2=" ">
   <subfield code="a">Wurster, Thomas S.</subfield>
  </datafield>
  <datafield tag="776" ind1="0" ind2="8">
   <subfield code="i">Print version:</subfield>
   <subfield code="a">Evans, Philip, 1950-</subfield>
   <subfield code="t">Blown to bits.</subfield>
   <subfield code="d">Boston, Mass. : Harvard Business School Press, ©2000</subfield>
   <subfield code="z">087584877X</subfield>
   <subfield code="w">(DLC)   99031132</subfield>
   <subfield code="w">(OCoLC)41326284</subfield>
  </datafield>
  <datafield tag="856" ind1="4" ind2="0">
   <subfield code="3">EBSCOhost</subfield>
   <subfield code="u">https://zdroje.vse.cz/login?url=https://search.ebscohost.com/login.aspx?direct=true&amp;scope=site&amp;db=nlebk&amp;db=nlabk&amp;AN=40314</subfield>
   <subfield code="y">Plný text</subfield>
  </datafield>
  <datafield tag="BAS" ind1=" " ind2=" ">
   <subfield code="a">HBR</subfield>
  </datafield>
  <datafield tag="BAS" ind1=" " ind2=" ">
   <subfield code="a">EB</subfield>
  </datafield>
  <datafield tag="LKR" ind1=" " ind2=" ">
   <subfield code="a">PAR</subfield>
   <subfield code="b">000543751</subfield>
   <subfield code="l">UEP01</subfield>
   <subfield code="r">776</subfield>
   <subfield code="m">E-book</subfield>
   <subfield code="n">Tištěná verze</subfield>
  </datafield>
  <datafield tag="993" ind1=" " ind2=" ">
   <subfield code="x">NEPOSILAT</subfield>
   <subfield code="y">EB</subfield>
  </datafield>
  <datafield tag="019" ind1=" " ind2=" ">
   <subfield code="a">243588711</subfield>
   <subfield code="a">533289435</subfield>
   <subfield code="a">664113540</subfield>
   <subfield code="a">961693966</subfield>
   <subfield code="a">962572523</subfield>
   <subfield code="a">984848081</subfield>
   <subfield code="a">1007386851</subfield>
   <subfield code="a">1028856012</subfield>
   <subfield code="a">1052984751</subfield>
  </datafield>
  <datafield tag="029" ind1="1" ind2=" ">
   <subfield code="a">AU@</subfield>
   <subfield code="b">000042131499</subfield>
  </datafield>
  <datafield tag="029" ind1="1" ind2=" ">
   <subfield code="a">AU@</subfield>
   <subfield code="b">000053216996</subfield>
  </datafield>
  <datafield tag="029" ind1="1" ind2=" ">
   <subfield code="a">NZ1</subfield>
   <subfield code="b">11913269</subfield>
  </datafield>
  <datafield tag="938" ind1=" " ind2=" ">
   <subfield code="a">Books 24x7</subfield>
   <subfield code="b">B247</subfield>
   <subfield code="n">bkb00000115</subfield>
  </datafield>
  <datafield tag="938" ind1=" " ind2=" ">
   <subfield code="a">EBSCOhost</subfield>
   <subfield code="b">EBSC</subfield>
   <subfield code="n">40314</subfield>
  </datafield>
  <datafield tag="938" ind1=" " ind2=" ">
   <subfield code="a">Internet Archive</subfield>
   <subfield code="b">INAR</subfield>
   <subfield code="n">blowntobitshowne00evan</subfield>
  </datafield>
  <datafield tag="938" ind1=" " ind2=" ">
   <subfield code="a">YBP Library Services</subfield>
   <subfield code="b">YANK</subfield>
   <subfield code="n">2406766</subfield>
  </datafield>
 </record>
</collection>
